Tương tác của các trường Higgs mang điện với các Boson chuẩn trong mô hình 3-3-1 với ba đơn tuyến Lepton : Luận văn tốt nghiệp Cao học chuyên ngành. Vật lý lý thuyết và Vật lý toán
Nội dung của đề tài nghiên cứu là nắm bắt được nội dung vật lý và các kỹ thuật tính toán phức tạp trong mô hình 3-3-1.
Salvato in:
| Autore principale: | |
|---|---|
| Natura: | Libro |
| Lingua: | Undetermined |
| Pubblicazione: |
Cần Thơ
Trường Đại học Cần Thơ
2016
|
| Soggetti: | |
| Tags: |
Aggiungi Tag
Nessun Tag, puoi essere il primo ad aggiungerne! !
|
| Thư viện lưu trữ: | Trung tâm Học liệu Trường Đại học Cần Thơ |
|---|
| LEADER | 01102nam a2200217Ia 4500 | ||
|---|---|---|---|
| 001 | CTU_210988 | ||
| 008 | 210402s9999 xx 000 0 und d | ||
| 082 | |a 530.15 | ||
| 082 | |b Th103 | ||
| 088 | |a 60440103 | ||
| 100 | |a Phạm, Hùng Thái | ||
| 245 | 0 | |a Tương tác của các trường Higgs mang điện với các Boson chuẩn trong mô hình 3-3-1 với ba đơn tuyến Lepton : | |
| 245 | 0 | |b Luận văn tốt nghiệp Cao học chuyên ngành. Vật lý lý thuyết và Vật lý toán | |
| 245 | 0 | |c Phạm Hùng Thái ; Hoàng Ngọc Long (Người hướng dẫn khoa học) | |
| 260 | |a Cần Thơ | ||
| 260 | |b Trường Đại học Cần Thơ | ||
| 260 | |c 2016 | ||
| 520 | |a Nội dung của đề tài nghiên cứu là nắm bắt được nội dung vật lý và các kỹ thuật tính toán phức tạp trong mô hình 3-3-1. | ||
| 650 | |a Toán lý,Mathematical physics | ||
| 904 | |i Lê Văn Kỳ, Tuyến | ||
| 980 | |a Trung tâm Học liệu Trường Đại học Cần Thơ | ||